Gender indequality in asset ownership in Latin America: female owners vs household heads /
שמור ב:
| מחבר ראשי: | |
|---|---|
| מחברים אחרים: | , |
| פורמט: | Texto |
| תגים: |
הוספת תג
אין תגיות, היה/י הראשונ/ה לתייג את הרשומה!
|
MARC
| LEADER | 00000 a a2200000 04500 | ||
|---|---|---|---|
| 001 | 44798 | ||
| 003 | |||
| 040 | |||
| 100 | |a Deere, Carmen Diana | ||
| 245 | |a Gender indequality in asset ownership in Latin America: |b female owners vs household heads / |c Carmen Diana Deere, Gina E. Alvarado, Jennifer Twyman | ||
| 590 | |a DISEMINAR042013 | ||
| 700 | |a Alvarado, Gina E. | ||
| 700 | |a Twyman, Jennifer | ||
| 773 | |g volumen43, número2 (2012), páginas 505-530 : tablas, gráficos | ||
| 999 | |c 24987 |d 24987 | ||
